000 00220nam a2200097Ia 4500
008 190216s9999||||xx |||||||||||||| ||und||
100 _aNull
245 0 _aHindi-Theri Kasam Sabsuj
260 _bBright Careers
942 _cBK
999 _c18453
_d18453